Regenerating agriculture : (Record no. 7308)

MARC details
000 -LEADER
fixed length control field 00776nac a22002171u 4500
010 ## - LIBRARY OF CONGRESS CONTROL NUMBER
LC control number 95005259
020 ## - INTERNATIONAL STANDARD BOOK NUMBER
International Standard Book Number 0309052483
020 ## - INTERNATIONAL STANDARD BOOK NUMBER
International Standard Book Number 0309052467 (pbk.)
082 00 - DEWEY DECIMAL CLASSIFICATION NUMBER
Classification number 338.1
Item number PRE
090 ## - LOCALLY ASSIGNED LC-TYPE CALL NUMBER (OCLC); LOCAL CALL NUMBER (OCLC)
-- 7308
-- 7308
100 ## - MAIN ENTRY--PERSONAL NAME
Personal name Pretty, Jules N.
245 10 - TITLE STATEMENT
Title Regenerating agriculture :
Remainder of title policies and practice for sustainability and self-reliance /
Statement of responsibility, etc Jules N. Pretty.
260 ## - PUBLICATION, DISTRIBUTION, ETC. (IMPRINT)
Place of publication, distribution, etc Washington, D.C. :
Name of publisher, distributor, etc Joseph Henry Press,1995
Date of publication, distribution, etc 1995.
300 ## - PHYSICAL DESCRIPTION
Extent 320p.;
Dimensions 23 cm.
500 ## - GENERAL NOTE
General note distributer: Al-Ahram
504 ## - BIBLIOGRAPHY, ETC. NOTE
Bibliography, etc Includes bibliographical references (p. ) and index.
511 ## - PARTICIPANT OR PERFORMER NOTE
Participant or performer note catalogued by: wessam
650 #0 - SUBJECT ADDED ENTRY--TOPICAL TERM
Topical term or geographic name as entry element Sustainable agriculture.
650 #0 - SUBJECT ADDED ENTRY--TOPICAL TERM
Topical term or geographic name as entry element Sustainable agriculture
General subdivision Government policy.
942 ## - ADDED ENTRY ELEMENTS (KOHA)
Item type Book - Borrowing
Call number prefix 338.1PRE
Holdings
Withdrawn status Item status Damaged status Not for loan Home library Current library Shelving location Date acquired Source of acquisition Total Checkouts Full call number Barcode Date last seen Koha item type
        Central Library Central Library First floor 21/01/2008 Purchase   338.1PRE 000008823 15/07/2025 Book - Borrowing